00896cam a2200241 a 450000100100000000500170001000800410002702000150006804000300008304100380011308200180015110000350016924500830020426000340028730000210032153400420034265000310038465000350041570000340045091000340048495201210051899900150063900000382120200929150601.0880413s1994 sp 000 f spa  a8477301255 aDO-SdBNPcDLCdDLCdOCoLC17aspaheng2Código de idioma MARC a813.54bC678p1 aCohen, Sharleen Cooper.91157713aEl poder del dinero /cSharleen Cooper Cohen ; traducción, Antoni Puigrós. aBarcelona :bVidorama,c1994. a621 p. ;c20 cm. aTítulo original: Love, sex & money. 4aNovela estadounidense9262 4aLiteratura estadounidense92631 aPuigós, Antoni,etr.911578 aCatalogación por copia / LC 001052708MOaGRbGRcHDd2009-07-13iLF1l0o813.54 C678pp3821-10r2020-06-25w2020-06-25y2ZPréstamo interno c3643d3643